00830nam a2200217Ia 4500003000900000008004100009040001600050080002500066245012800091260002700219300001900246490006700265650004100332650001900373650002700392700003200419700003500451942000700486999001700493952010200510IN-BaIIA211028s9999 xx 000 0 eng d cIIA Library a524.358(082.2)bNASA 0aO stars and Wolf-Rayet starscedited by Conti, Peter S. and Anne B. Underhill  aNASAbWashingtonc1988 alxxxiii, 428p. aMongraph series on nonthermal phenomena in stellar atmospheres aAstronomy and astrophysics thesaurus aO stars911256 aWolf-Rayet stars97146 aConti, Peter S., ed.917500 aUnderhill, Anne B., ed.917501 cBK c10289d10289 00104070aBANbBANcGENd1992-01-31l0o524.358(082.2)/ NASAp11199r2021-11-05w1992-01-31yBK